000 00287nam a22001217a 4500
008 160512b xxu||||| |||| 00| 0 eng d
020 _a9781616690106
020 _a9781616690106
041 _aeng
080 _a616.12
245 _aAdvanced cardiovascular life support:
942 _2udc
_cBK
999 _c2116
_d2116